[Event "Tradewise Gibraltar AmatWk2"]
[Site "Gibraltar"]
[Date "2017.02.01"]
[Round "5.9"]
[White "Shehzad, Shazil"]
[Black "Sandhya, Goli"]
[Result "1/2-1/2"]
[WhiteElo "1783"]
[BlackElo "1745"]
[PlyCount "55"]
[EventDate "2017.01.28"]
[EventType "swiss"]
[EventRounds "5"]
[EventCountry "GGB"]
[SourceTitle "BritBase"]
[Source "www.saund.co.uk"]
[SourceDate "2018.02.10"]
[SourceVersion "1"]
[SourceVersionDate "2018.02.10"]
[SourceQuality "1"]

1. e4 c5 2. Nf3 d6 3. d4 cxd4 4. Nxd4 Nf6 5. Nc3 a6 6. Bg5 e6 7. f4 h6 8. Bh4
Qb6 9. Qd2 Qxb2 10. Rb1 Qa3 11. e5 dxe5 12. fxe5 Nd5 13. Nxd5 exd5 14. e6 Be7
15. exf7+ Kxf7 16. Qf2+ Kg8 17. Bd3 Qa5+ 18. Kf1 Bxh4 19. Qxh4 Nc6 20. Re1 Bd7
21. Nxc6 Bxc6 22. Re7 Bb5 23. Rxg7+ Kxg7 24. Qe7+ Kg8 25. Qe6+ Kf8 26. Qf6+ Kg8
27. Qg6+ Kf8 28. Qf6+ 1/2-1/2

[Event "Tradewise Gibraltar AmatWk2"]
[Site "Gibraltar"]
[Date "2017.02.01"]
[Round "5.10"]
[White "Diaz Gallego, Saul"]
[Black "Lochte, Szilvia"]
[Result "1/2-1/2"]
[WhiteElo "1700"]
[BlackElo "1829"]
[PlyCount "73"]
[EventDate "2017.01.28"]
[EventType "swiss"]
[EventRounds "5"]
[EventCountry "GGB"]
[SourceTitle "BritBase"]
[Source "www.saund.co.uk"]
[SourceDate "2018.02.10"]
[SourceVersion "1"]
[SourceVersionDate "2018.02.10"]
[SourceQuality "1"]

1. d4 Nf6 2. c4 e6 3. Nc3 Bb4 4. Bd2 b6 5. a3 Be7 6. e3 Bb7 7. Nf3 c5 8. Be2 d6
9. Qc2 Nbd7 10. h3 a6 11. O-O O-O 12. Ne1 Rc8 13. b3 d5 14. Bf3 cxd4 15. exd4
e5 16. dxe5 Nxe5 17. Qf5 Nxf3+ 18. Qxf3 dxc4 19. Qxb7 Qxd2 20. Qxe7 Qxc3 21.
Rb1 cxb3 22. Qb4 Nd5 23. Qxb3 Qxb3 24. Rxb3 Rc6 25. Nf3 Rfc8 26. Rd1 Nc3 27.
Rd7 Ne4 28. Re3 f5 29. Nd4 Rc1+ 30. Kh2 Rd1 31. f3 Nf6 32. Rd6 f4 33. Re7 h6
34. Rxg7+ Kxg7 35. Nf5+ Kg6 36. Ne7+ Kf7 37. Nxc8 1/2-1/2

[Event "Tradewise Gibraltar AmatWk2"]
[Site "Gibraltar"]
[Date "2017.02.01"]
[Round "5.11"]
[White "Bishop, Geoffrey L"]
[Black "Dennis, Nigel W"]
[Result "1-0"]
[WhiteElo "1677"]
[BlackElo "1818"]
[PlyCount "41"]
[EventDate "2017.01.28"]
[EventType "swiss"]
[EventRounds "5"]
[EventCountry "GGB"]
[SourceTitle "BritBase"]
[Source "www.saund.co.uk"]
[SourceDate "2018.02.10"]
[SourceVersion "1"]
[SourceVersionDate "2018.02.10"]
[SourceQuality "1"]

1. e4 c5 2. Nf3 e6 3. c4 Nc6 4. d4 cxd4 5. Nxd4 Nf6 6. Nc3 Bb4 7. Nxc6 bxc6 8.
e5 Ne4 9. Qd4 Qa5 10. Bd2 Nxd2 11. Kxd2 O-O 12. Bd3 Rd8 13. a3 Bxc3+ 14. Qxc3
Qxc3+ 15. Kxc3 d5 16. exd6 Rxd6 17. Rad1 Bb7 18. Bxh7+ Kxh7 19. Rxd6 c5 20. f3
e5 21. Rd7 1-0

[Event "Tradewise Gibraltar AmatWk2"]
[Site "Gibraltar"]
[Date "2017.02.01"]
[Round "5.13"]
[White "Zitan, Abdelhay"]
[Black "Winter, Kevin"]
[Result "0-1"]
[WhiteElo "1678"]
[BlackElo "1818"]
[PlyCount "78"]
[EventDate "2017.01.28"]
[EventType "swiss"]
[EventRounds "5"]
[EventCountry "GGB"]
[SourceTitle "BritBase"]
[Source "www.saund.co.uk"]
[SourceDate "2018.02.10"]
[SourceVersion "1"]
[SourceVersionDate "2018.02.10"]
[SourceQuality "1"]

1. e4 d6 2. d4 Nf6 3. Nc3 Nbd7 4. Nf3 e5 5. dxe5 dxe5 6. Bc4 Be7 7. Bxf7+ Kxf7
8. Ng5+ Kg8 9. Ne6 Qe8 10. Nxc7 Qg6 11. O-O Rb8 12. N3d5 Qf7 13. Be3 b6 14.
Nxe7+ Qxe7 15. Nd5 Qf7 16. f4 Ba6 17. Rf3 Nxd5 18. fxe5 Nxe3 19. Qd6 Qg6 20.
Rxe3 Qxd6 21. exd6 Kf7 22. Ra3 Bb7 23. Rxa7 Ke6 24. Rd1 Rhc8 25. c3 Rc4 26. e5
Re4 27. b3 Rxe5 28. Rd2 Rd5 29. Re2+ Kxd6 30. Ra4 Rf8 31. h3 Rd1+ 32. Kh2 Rd3
33. Rg4 Rf7 34. c4 h6 35. Rg6+ Kc7 36. b4 Nf6 37. Re5 Bc6 38. b5 Be4 39. Rxf6
Rxf6 0-1

[Event "Tradewise Gibraltar AmatWk2"]
[Site "Gibraltar"]
[Date "2017.02.01"]
[Round "5.14"]
[White "Riedel, Michael"]
[Black "Densing, Gerd"]
[Result "1/2-1/2"]
[WhiteElo "1590"]
[BlackElo "1807"]
[PlyCount "91"]
[EventDate "2017.01.28"]
[EventType "swiss"]
[EventRounds "5"]
[EventCountry "GGB"]
[SourceTitle "BritBase"]
[Source "www.saund.co.uk"]
[SourceDate "2018.02.10"]
[SourceVersion "1"]
[SourceVersionDate "2018.02.10"]
[SourceQuality "1"]

1. d4 Nf6 2. c3 b6 3. Bg5 Bb7 4. Nd2 d5 5. e3 e6 6. Bd3 Be7 7. f4 Ne4 8. Bxe7
Qxe7 9. Ngf3 f6 10. O-O Nd7 11. Qc2 f5 12. Ne5 Nxe5 13. fxe5 O-O 14. Rae1 c5
15. Qd1 Rac8 16. Rf3 c4 17. Bxe4 dxe4 18. Rg3 b5 19. a3 Bc6 20. Rf1 Be8 21. Rf4
g5 22. h4 h6 23. hxg5 hxg5 24. Rh4 Bg6 25. Rh6 Kg7 26. Rgh3 g4 27. Rh1 Qg5 28.
Qe1 a5 29. g3 Qe7 30. Qe2 Rh8 31. Rxh8 Rxh8 32. Rxh8 Kxh8 33. Qh2+ Kg7 34. Nf1
Qg5 35. Kf2 Be8 36. Qh4 Qxh4 37. gxh4 Kg6 38. Ng3 Bc6 39. Ke2 Kf7 40. Kd2 Ke7
41. Ke2 Be8 42. Kf2 Kd7 43. Ne2 Ke7 44. Nf4 Bf7 45. Kg3 Kf8 46. Kf2 1/2-1/2

[Event "Tradewise Gibraltar AmatWk2"]
[Site "Gibraltar"]
[Date "2017.02.01"]
[Round "5.15"]
[White "Davies, Cledwyn"]
[Black "Ford, Clifton P"]
[Result "0-1"]
[WhiteElo "1572"]
[BlackElo "1781"]
[PlyCount "92"]
[EventDate "2017.01.28"]
[EventType "swiss"]
[EventRounds "5"]
[EventCountry "GGB"]
[SourceTitle "BritBase"]
[Source "www.saund.co.uk"]
[SourceDate "2018.02.10"]
[SourceVersion "1"]
[SourceVersionDate "2018.02.10"]
[SourceQuality "1"]

1. e4 e6 2. c4 c5 3. g3 Nc6 4. Ne2 g6 5. d4 cxd4 6. Nxd4 a6 7. Bg2 Bg7 8. Be3
Nge7 9. O-O O-O 10. Nc3 Qc7 11. Rc1 b6 12. a3 Rb8 13. f4 Nxd4 14. Bxd4 Bb7 15.
Bxg7 Kxg7 16. Qd4+ f6 17. Rfd1 Rfd8 18. Qd6 Qxd6 19. Rxd6 Bc6 20. Rcd1 Kf7 21.
b4 Ke8 22. Ne2 Nc8 23. R6d3 Ke7 24. Nd4 Ba4 25. R1d2 Nd6 26. Nf5+ Nxf5 27. exf5
gxf5 28. Rd6 Bc6 29. Kf2 Bd5 30. c5 bxc5 31. bxc5 Bxg2 32. Kxg2 a5 33. Ra6 Rb5
34. Rc2 Rc8 35. c6 Rxc6 36. Rcxc6 dxc6 37. Rxc6 Rb3 38. Rc7+ Kf8 39. Rxh7 Rxa3
40. h4 a4 41. Kf2 Ra2+ 42. Kf3 a3 43. Ra7 Ra1 44. Kf2 a2 45. Ke2 Rh1 46. Ra8+
Kg7 0-1

[Event "Tradewise Gibraltar AmatWk2"]
[Site "Gibraltar"]
[Date "2017.02.01"]
[Round "5.16"]
[White "Oliva Parra, Ernesto"]
[Black "White, Gary"]
[Result "0-1"]
[WhiteElo "1578"]
[BlackElo "1716"]
[PlyCount "114"]
[EventDate "2017.01.28"]
[EventType "swiss"]
[EventRounds "5"]
[EventCountry "GGB"]
[SourceTitle "BritBase"]
[Source "www.saund.co.uk"]
[SourceDate "2018.02.10"]
[SourceVersion "1"]
[SourceVersionDate "2018.02.10"]
[SourceQuality "1"]

1. e4 b6 2. Bc4 e6 3. Nf3 Bb7 4. d3 Be7 5. Nc3 a6 6. a3 d6 7. Ne2 Nf6 8. Ng3 d5
9. exd5 Nxd5 10. O-O h5 11. Ne5 Nf6 12. h3 Bc5 13. c3 b5 14. Bb3 Nbd7 15. Qe2
Nxe5 16. Qxe5 Qd6 17. Qxd6 Bxd6 18. Re1 O-O-O 19. Bg5 Bxg3 20. fxg3 Rxd3 21.
Bf4 h4 22. Bc2 Rd7 23. Bd1 hxg3 24. Bxg3 Rd2 25. Re2 Rhd8 26. Rxd2 Rxd2 27. Bf3
Bxf3 28. gxf3 Rxb2 29. Be5 Ne8 30. c4 Rb3 31. cxb5 axb5 32. Kf2 f6 33. Bd4 Nd6
34. Bc5 Nf5 35. Rc1 Kb7 36. Rh1 Rb2+ 37. Kg1 Rb1+ 38. Kg2 Nh4+ 39. Kh2 Nxf3+
40. Kg2 Rxh1 41. Kxh1 Kc6 42. Bf8 g6 43. Kg2 Nd2 44. Be7 f5 45. Kg3 Kd5 46. Kf4
Ne4 47. h4 c5 48. Ke3 Kc4 49. Kf4 Kb3 50. Ke5 Kxa3 51. Kxe6 f4 52. Ke5 Nc3 53.
Bxc5+ Kb3 54. Kxf4 Kc4 55. Be7 Nd5+ 56. Kg5 Nxe7 57. Kf6 Nf5 0-1

[Event "Tradewise Gibraltar AmatWk2"]
[Site "Gibraltar"]
[Date "2017.02.01"]
[Round "5.17"]
[White "Stuart, Brian"]
[Black "Walker, Gordon J"]
[Result "0-1"]
[WhiteElo "1715"]
[BlackElo "1547"]
[PlyCount "68"]
[EventDate "2017.01.28"]
[EventType "swiss"]
[EventRounds "5"]
[EventCountry "GGB"]
[SourceTitle "BritBase"]
[Source "www.saund.co.uk"]
[SourceDate "2018.02.10"]
[SourceVersion "1"]
[SourceVersionDate "2018.02.10"]
[SourceQuality "1"]

1. e4 e5 2. Nf3 Nc6 3. Bc4 Be7 4. O-O Nf6 5. d3 a6 6. c3 Na5 7. Nxe5 Nxc4 8.
Nxc4 b5 9. Ne3 d6 10. f4 O-O 11. Nd2 c6 12. Kh1 Qc7 13. Nb3 c5 14. Nd2 Bb7 15.
Nf3 Rad8 16. b3 d5 17. e5 Ne8 18. Nf5 f6 19. d4 fxe5 20. Nxe7+ Qxe7 21. fxe5 h6
22. Be3 c4 23. b4 Nc7 24. Qd2 Ne6 25. g3 Bc6 26. Nh4 Be8 27. Rxf8+ Qxf8 28. Qe2
Rd7 29. Kg2 g5 30. Qg4 Ng7 31. e6 Rd6 32. Rf1 Qe7 33. Nf3 Bh5 34. Bxg5 hxg5 0-1

[Event "Tradewise Gibraltar AmatWk2"]
[Site "Gibraltar"]
[Date "2017.02.01"]
[Round "5.19"]
[White "Shehzad, Alisha"]
[Black "Kearsley, Raymond J"]
[Result "1/2-1/2"]
[WhiteElo "1556"]
[BlackElo "1687"]
[PlyCount "67"]
[EventDate "2017.01.28"]
[EventType "swiss"]
[EventRounds "5"]
[EventCountry "GGB"]
[SourceTitle "BritBase"]
[Source "www.saund.co.uk"]
[SourceDate "2018.02.10"]
[SourceVersion "1"]
[SourceVersionDate "2018.02.10"]
[SourceQuality "1"]

1. e4 c5 2. Nc3 g6 3. f4 Bg7 4. Nf3 a6 5. d3 d6 6. g3 e6 7. Bg2 Ne7 8. O-O O-O
9. Be3 Qc7 10. Qd2 d5 11. Bf2 d4 12. Ne2 Nbc6 13. g4 f5 14. exf5 exf5 15. g5
Be6 16. Rae1 Bf7 17. Bg3 Rae8 18. Nc1 Nd5 19. Rxe8 Rxe8 20. Nb3 Ne3 21. Re1 Nb4
22. Nbxd4 cxd4 23. Qxb4 Qxc2 24. Qd2 Qxd2 25. Nxd2 Rc8 26. Bxb7 Rc2 27. Nf3
Rxb2 28. Bxa6 Bd5 29. Nh4 Rxa2 30. Bb5 Bf8 31. Bf2 Bd6 32. Bg3 Kf7 33. Rc1 Be7
34. Bf2 1/2-1/2

[Event "Tradewise Gibraltar AmatWk2"]
[Site "Gibraltar"]
[Date "2017.02.01"]
[Round "5.20"]
[White "Jimenez Urquijo, Juan Manuel"]
[Black "Izzard, Brian J"]
[Result "0-1"]
[WhiteElo "1541"]
[BlackElo "1657"]
[PlyCount "110"]
[EventDate "2017.01.28"]
[EventType "swiss"]
[EventRounds "5"]
[EventCountry "GGB"]
[SourceTitle "BritBase"]
[Source "www.saund.co.uk"]
[SourceDate "2018.02.10"]
[SourceVersion "1"]
[SourceVersionDate "2018.02.10"]
[SourceQuality "1"]

1. e4 c6 2. e5 d5 3. exd6 exd6 4. d4 d5 5. Nf3 Nf6 6. Bg5 Be7 7. Bd3 O-O 8.
Nbd2 Re8 9. O-O Bg4 10. h3 Bh5 11. Re1 Nbd7 12. Nf1 Ne4 13. Bf4 Ndf6 14. Ng3
Bd6 15. Nxh5 Nxh5 16. Be5 Nhf6 17. c4 Rc8 18. c5 Bb8 19. Qc2 Qd7 20. Bxf6 gxf6
21. Bxe4 dxe4 22. Rxe4 Rxe4 23. Qxe4 Re8 24. Qg4+ Qxg4 25. hxg4 Re2 26. b4 Kf8
27. g3 Ke7 28. Re1 Rxe1+ 29. Nxe1 Ke6 30. a3 Kd5 31. Nc2 Kc4 32. Ne3+ Kb3 33.
Nf5 Kxa3 34. Nd6 Kxb4 35. Nxb7 Bc7 36. Kf1 a5 37. Ke1 a4 38. Kd1 Kc4 39. Nd6+
Kxd4 40. Kc2 Kxc5 41. Ne4+ Kb4 42. Nc3 a3 43. Na2+ Kc4 44. Nc1 Kd4 45. Nb3+ Ke4
46. Nc5+ Kf3 47. Nd3 Ke2 48. Nb4 Kxf2 49. Nxc6 Kxg3 50. Nd4 Kxg4 51. Nb5 Be5
52. Nxa3 h5 53. Kd2 Kf3 54. Nc2 Kf2 55. Ne1 Bc3+ 0-1

[Event "Tradewise Gibraltar AmatWk2"]
[Site "Gibraltar"]
[Date "2017.02.01"]
[Round "5.21"]
[White "Ramesh, Balasubramanian"]
[Black "Gough, Theo"]
[Result "1-0"]
[WhiteElo "1646"]
[BlackElo "1330"]
[PlyCount "141"]
[EventDate "2017.01.28"]
[EventType "swiss"]
[EventRounds "5"]
[EventCountry "GGB"]
[SourceTitle "BritBase"]
[Source "www.saund.co.uk"]
[SourceDate "2018.02.10"]
[SourceVersion "1"]
[SourceVersionDate "2018.02.10"]
[SourceQuality "1"]

1. d4 d5 2. Bf4 c5 3. e3 Nc6 4. c3 cxd4 5. exd4 Nf6 6. Bd3 e6 7. Nf3 Bd7 8. O-O
Nh5 9. Be3 Be7 10. Ne5 Nxe5 11. dxe5 g6 12. Nd2 Bg5 13. f4 Bh6 14. g4 Nxf4 15.
Bxf4 Qb6+ 16. Kh1 Bxf4 17. Rxf4 Bc6 18. Rd4 Qxb2 19. Qc1 Qb6 20. Rb1 Qc7 21.
Nf3 Qa5 22. a4 a6 23. Qa3 b5 24. Qc5 Rc8 25. axb5 Bd7 26. Qb4 Qxb4 27. Rbxb4
axb5 28. Bxb5 Bxb5 29. Rxb5 O-O 30. Rb3 Rc7 31. Ra4 Rfc8 32. Raa3 Rc4 33. h3
Kg7 34. Kg2 h5 35. Nd4 hxg4 36. hxg4 Kh6 37. Kg3 Kg5 38. Nf3+ Kh6 39. Nd2 R4c5
40. Kf4 R8c7 41. g5+ Kg7 42. Ke3 Kf8 43. Kd4 Ke7 44. Ra4 Kd7 45. Rab4 R5c6 46.
Rb7 Rxb7 47. Rxb7+ Ke8 48. c4 dxc4 49. Nxc4 Ra6 50. Nd6+ Kf8 51. Rxf7+ Kg8 52.
Re7 Ra4+ 53. Nc4 Ra6 54. Rc7 Kf8 55. Nd2 Ra4+ 56. Rc4 Rxc4+ 57. Kxc4 Ke7 58.
Kc5 Kd7 59. Kb6 Kd8 60. Kc6 Ke7 61. Kc7 Ke8 62. Kd6 Kf7 63. Kd7 Kf8 64. Kxe6
Kg7 65. Kd7 Kf8 66. e6 Kg7 67. e7 Kh7 68. e8=Q Kg7 69. Ne4 Kh7 70. Nf6+ Kg7 71.
Qg8# 1-0

[Event "Tradewise Gibraltar AmatWk2"]
[Site "Gibraltar"]
[Date "2017.02.01"]
[Round "5.22"]
[White "Olde, Karl Erik"]
[Black "Hunt, Caro"]
[Result "1/2-1/2"]
[WhiteElo "1352"]
[BlackElo "1631"]
[PlyCount "105"]
[EventDate "2017.01.28"]
[EventType "swiss"]
[EventRounds "5"]
[EventCountry "GGB"]
[SourceTitle "BritBase"]
[Source "www.saund.co.uk"]
[SourceDate "2018.02.10"]
[SourceVersion "1"]
[SourceVersionDate "2018.02.10"]
[SourceQuality "1"]

1. c4 f5 2. Nc3 Nf6 3. g3 e5 4. Bg2 c6 5. Nf3 d6 6. d3 Be7 7. O-O O-O 8. b3 Qe8
9. e4 Ng4 10. h3 Nf6 11. exf5 Bxf5 12. Re1 Nbd7 13. Ne4 h6 14. Bb2 Bh7 15.
Nxf6+ Bxf6 16. d4 e4 17. Nd2 d5 18. c5 Qf7 19. Qe2 Rae8 20. Kh2 Bg5 21. Rf1
Bxd2 22. Qxd2 e3 23. fxe3 Qe7 24. Rxf8+ Rxf8 25. Rf1 Re8 26. Re1 Be4 27. a4 Nf6
28. b4 Qc7 29. b5 Bxg2 30. Qxg2 Ne4 31. Rf1 Qd7 32. b6 a6 33. a5 Qe7 34. Bc1
Rf8 35. Kg1 Rxf1+ 36. Kxf1 Qf6+ 37. Kg1 Qg5 38. Kh2 Qg6 39. Qf3 Qf6 40. Qxf6
Nxf6 41. Kg2 Ne4 42. h4 Kf7 43. Ba3 Kf6 44. Bb4 Kf5 45. Kf3 h5 46. Be1 g5 47.
hxg5 Nxg5+ 48. Kf2 Kg4 49. Kg2 Ne4 50. Bf2 Ng5 51. Bg1 Ne4 52. Bf2 Ng5 53. Be1
1/2-1/2

[Event "Tradewise Gibraltar AmatWk2"]
[Site "Gibraltar"]
[Date "2017.02.01"]
[Round "5.24"]
[White "Gaspar, Ioan-Dan"]
[Black "Tveten, Per"]
[Result "0-1"]
[WhiteElo "1579"]
[BlackElo "1486"]
[Annotator "Rudd,Jack"]
[PlyCount "54"]
[EventDate "2017.01.28"]
[EventType "swiss"]
[EventRounds "5"]
[EventCountry "GGB"]
[SourceTitle "BritBase"]
[Source "www.saund.co.uk"]
[SourceDate "2018.02.10"]
[SourceVersion "1"]
[SourceVersionDate "2018.02.10"]
[SourceQuality "1"]

1. e4 e5 2. Bc4 Nf6 3. Nc3 Bc5 4. Bxf7+ Kxf7 5. Nf3 Re8 6. O-O Kg8 7. Nxe5 Rxe5
8. d4 Bxd4 9. Qxd4 Nc6 10. Qc4+ Kh8 11. f4 Rh5 12. e5 d5 13. exd6 Qxd6 14. Be3
Be6 15. Qa4 Ng4 16. Rae1 Ra5 17. Qe4 Bf5 18. Qf3 Nd4 19. Bxd4 Qxd4+ 20. Kh1 c6
21. Re7 Qb6 22. Rf7 h6 23. h3 Nf6 24. g4 Bg6 25. g5 Bxf7 26. Re1 Re8 27. Rxe8+
Nxe8 {The remainder of the scoresheet is illegible} 0-1